People in philanthropy : a guide to philanthropic leaders, major donors, and funding connections /

Bibliographic Details
Other Authors: Schoenthaler, Arnold, Henry, Yvette
Format: Book
Language:English
Published: Washington, D.C. : Taft Group, 1986.
Edition:7th ed., 1986-1987.
Subjects:

MARC

Tag First Indicator Second Indicator Subfields
LEADER 00000cam a2200000 a 4500
001 in00000428331
005 20151012054528.0
008 860827s1986 dcu r 00100 eng d
020 |a 0914756613 :  |c $198.50 
035 |a (OCoLC)14155021 
035 |9 ABU7894AM 
040 |a AZT  |c AZT  |d TXA  |d UtOrBLW 
049 |a TXAM  |c [A09500494] 
090 |a HV97.A3  |b P46 1986 
245 0 0 |a People in philanthropy :  |b a guide to philanthropic leaders, major donors, and funding connections /  |c director, books & references, Arnold Schoenthaler ; managing editor, Yvette Henry ; researchers, Catherine Banks [and others] ; production director, Ann M. Williams. 
250 |a 7th ed., 1986-1987. 
264 1 |a Washington, D.C. :  |b Taft Group,  |c 1986. 
300 |a xiv, 511 pages ;  |c 29 cm. 
336 |a text  |b txt  |2 rdacontent 
337 |a unmediated  |b n  |2 rdamedia 
338 |a volume  |b nc  |2 rdacarrier 
500 |a Includes indexes. 
650 0 |a Philanthropists  |z United States  |x Directories. 
650 0 |a Endowments  |z United States  |v Directories. 
700 1 |a Schoenthaler, Arnold. 
700 1 |a Henry, Yvette. 
999 |a MARS 
999 f f |s 5c0251da-50e4-3917-a276-bd43aea74367  |i 73a41375-6487-3fce-a056-42b64d8172ee  |t 0 
952 f f |p ric  |a Texas A&M University  |b Rellis Campus  |c Joint Library Facility  |d Remote Storage  |t 0  |e HV97.A3 P46 1986  |h Library of Congress classification  |i unmediated -- volume  |m A14809500494 
998 f f |a HV97.A3 P46 1986  |t 0  |l Remote Storage